000 01007nac a22003610a 4500
001 PT50903
003 AR-LpoUNG
005 20210201005501.0
008 201001s2000||||sp |||||||||||||||||spa d
020 _a8424922565
_c$7
040 _aAR-LpoUNG
_bspa
_eaacr
041 _aspa
044 _asp
082 0 _a417.7 311v2
100 1 _aLapesa, Rafael
245 1 0 _aEstudios de morfosintaxis histórica del español
260 _aMadrid :
_bGredos,
_c2000.
300 _a468 p. :
_bil., gráfs.
_a(2
_fVolúmenes)
_3Impreso
490 0 _aEstudios de morfosintaxis histórica del español
650 4 _aANALISIS HISTORICO
650 4 _aLENGUA ESPAÑOLA
650 4 _aLENGUAS
650 4 _aLINGÜISTICA
650 4 _aMORFOLOGIA
650 4 _aSINTAXIS
650 4 _aTERMINOLOGIA
650 4 _aVOCABULARIO
651 4 _aDOCUMENTOS TEORICOS O METODOLOGICOS
700 1 _aCano Aguilar, Rafael
_eed.
700 1 _aEchenique Elizondo, María Teresa
_eed.
905 _a50903
942 _cLIB
999 _c49833
_d49833